Top 3 Largest Cities by U Country Quiz Stats

 Plays Quiz not verified by Sporcle

Support Sporcle.
Go Orange.
Score 0/21 Timer 04:00
0 Plays Today
Hint City % Correct
United KingdomLondon
95.4%
United StatesNew York
95.4%
UkraineKiev
93.1%
United StatesLos Angeles
93.1%
United StatesChicago
93.1%
UAEDubai
92%
UAEAbu Dhabi
89.7%
UruguayMontevideo
89.7%
UgandaKampala
88.5%
United KingdomBirmingham
88.5%
UzbekistanTashkent
85.1%
Hint City % Correct
United KingdomGlasgow
82.8%
UkraineKharkiv
65.5%
UzbekistanSamarkand
54%
UkraineDnipropetrovsk
51.7%
UAESharjah
48.3%
UruguaySalto
41.4%
UgandaKira
16.1%
UruguayCiudad de la Costa
14.9%
UzbekistanNamangan
14.9%
UgandaMbarara
10.3%

You're not logged in!

Compare scores with friends on all Sporcle quizzes.
OR
Log In

From the Vault

Cheeseburger in Paradise

by Aero

Jimmy Buffett might be on to something here.
Remove Ads.
Support Sporcle.
Get the best of Sporcle when you Go Orange. This ad-free experience offers more features, more stats, and more fun while also helping to support Sporcle. Thank you for becoming a member.

Show Comments

Extras

Top Quizzes Today


Score Distribution

Your Account Isn't Verified!

In order to create a playlist on Sporcle, you need to verify the email address you used during registration. Go to your Sporcle Settings to finish the process.

Report this User

Report this user for behavior that violates our Community Guidelines.

Details: